[Event "IECC Trio 512 email"]
[Site "IECC email"]
[Date "1998.04.25"]
[Round "?"]
[White "Mikishev, Alexander"]
[Black "Amos, Dave"]
[Result "1-0"]
[WhiteElo "1256"]
[BlackElo "994"]
[PlyCount "61"]
[EventDate "1998.??.??"]
[EventType "tourn (corr)"]
[EventRounds "4"]
[SourceTitle "Corr 2008"]
[Source "ChessBase"]
[SourceDate "2008.06.24"]
[SourceVersion "1"]
[SourceVersionDate "2008.06.24"]
[SourceQuality "1"]

1. e4 e5 2. Nf3 Nc6 3. Bb5 Nd4 4. Nxd4 exd4 5. 0-0 a6 6. Ba4 b5 7. Bb3 c5 8. Bxf7+ Kxf7 9. Qh5+ g6 10. Qd5+ Ke8 11. Qxa8 d6 12. d3 Nf6 13. Qc6+ Qd7 14. Qxd7+ Bxd7 15. Bf4 Nh5 16. Bg3 Nxg3 17. hxg3 Bh6 18. f4 Bg4 19. Kf2 Rf8 20. b4 cxb4 21. Rh1 Bxf4 22. gxf4 Rxf4+ 23. Kg3 g5 24. Rxh7 a5 25. Nd2 a4 26. Rg7 b3 27. Rxg5 Rf7 28. Rxg4 bxc2 29. Rg8+ Rf8 30. Rxf8+ Kxf8 31. Rc1 1-0

[Event "IECC Trio 512 email"]
[Site "IECC email"]
[Date "1998.04.25"]
[Round "?"]
[White "Mitchell, TT."]
[Black "Amos, Dave"]
[Result "0-1"]
[WhiteElo "948"]
[BlackElo "988"]
[PlyCount "104"]
[EventDate "1998.??.??"]
[EventType "tourn (corr)"]
[EventRounds "4"]
[SourceTitle "Corr 2008"]
[Source "ChessBase"]
[SourceDate "2008.06.24"]
[SourceVersion "1"]
[SourceVersionDate "2008.06.24"]
[SourceQuality "1"]

1. e4 e5 2. Nf3 d6 3. Nc3 Bg4 4. Be2 g5 5. 0-0 c6 6. d3 b5 7. Bxg5 f6 8. Bh4 d5 9. exd5 cxd5 10. a3 Nc6 11. Nxb5 d4 12. h3 Bh5 13. g4 Bg6 14. Nh2 a6 15. Bf3 Qd7 16. Bxc6 Qxc6 17. Nxd4 exd4 18. Re1+ Be7 19. Re2 h5 20. Re1 Nh6 21. Qe2 Qc5 22. Bxf6 Rh7 23. Bxe7 Rxe7 24. Qf3 Raa7 25. Qg3 Qxc2 26. Qb8+ Kf7 27. Qf4+ Kg7 28. Qxd4+ Kh7 29. Rxe7+ Rxe7 30. Nf3 hxg4 31. Ng5+ Kg8 32. Qd8+ Re8 33. Qd5+ Bf7 34. Nxf7 Nxf7 35. Qh5 gxh3 36. Qg4+ Kf8 37. Qxh3 Qxb2 38. Rd1 Qxa3 39. Rb1 Rd8 40. Rb7 Qxd3 41. Rxf7+ Kxf7 42. Qh5+ Ke6 43. Qg4+ Qf5 44. Qc4+ Ke7 45. Qb4+ Rd6 46. Qb7+ Ke6 47. Qc8+ Ke5 48. Qc5+ Rd5 49. Qc7+ Ke4 50. Qc4+ Kf3 51. Qc3+ Kg4 52. Qg3+ Kh5 0-1